Defining Hindutva: (Record no. 196233)
[ view plain ]
| 000 -LEADER | |
|---|---|
| fixed length control field | 00631nam a22002057a 4500 |
| 005 - DATE AND TIME OF LATEST TRANSACTION | |
| control field | 20250703161013.0 |
| 010 ## - LCCN (DPL NO) | |
| LC control number | ENG-137100 ENG-145592 ENG-145646 |
| 020 ## - INTERNATIONAL STANDARD BOOK NUMBER | |
| International Standard Book Number | 9788184658361 |
| Terms of availability | 120.00 |
| 035 ## - SYSTEM CONTROL NUMBER | |
| System control number | EN-120632 |
| 035 ## - SYSTEM CONTROL NUMBER | |
| System control number | EN-129178 |
| 035 ## - SYSTEM CONTROL NUMBER | |
| System control number | EN-129124 |
| 037 ## - SOURCE OF ACQUISITION | |
| Source of stock number/acquisition | DBAD/PUB |
| 082 ## - DEWEY DECIMAL CLASSIFICATION NUMBER | |
| Classification number | 294.5 |
| 100 ## - MAIN ENTRY--PERSONAL NAME | |
| Personal name | Gupta, O.P |
| 245 ## - TITLE STATEMENT | |
| Title | Defining Hindutva: |
| Remainder of title | to restore vedic equality of all hindus and social harmony among them/ |
| Statement of responsibility, etc | by O.P Gupta |
| 260 ## - PUBLICATION, DISTRIBUTION, ETC. (IMPRINT) | |
| Place of publication, distribution, etc | Delhi |
| Name of publisher, distributor, etc | OP Gupta |
| Date of publication, distribution, etc | 2013 |
| 270 ## - ADDRESS | |
| Address | 25 Surya Niketan |
| City | Delhi |
| Postal code | 110092 |
| 300 ## - PHYSICAL DESCRIPTION | |
| Extent | 112p.; |
| Dimensions | 20cm(pbk) |
| 942 ## - ADDED ENTRY ELEMENTS (KOHA) | |
| Source of classification or shelving scheme | Dewey Decimal Classification |
| Item type | English Books |
| Call number suffix | GUP |
| Classification part | 294.5 |
| Withdrawn status | Lost status | Not for loan | Collection code | Home library | Current library | Date acquired | Source of acquisition | Cost, normal purchase price | Full call number | Barcode | Copy number | Cost, replacement price | Koha item type |
|---|---|---|---|---|---|---|---|---|---|---|---|---|---|
| Non-fiction | Bawana | Bawana | 07/06/2023 | DBAD/PUB | 120.00 | 294.5 GUP | EN-120632 | 1 | 120.00 | English Books | |||
| Non-fiction | Mobile Library | Mobile Library | 26/06/2025 | Delivery of Books Act Division | 120.00 | GUP 294.5 | EN-129124 | 1 | 120.00 | English Books | |||
| Non-fiction | Sarojini Nagar | Sarojini Nagar | 03/07/2025 | Delivery of Books Act Division | 120.00 | GUP 294.5 | EN-129178 | 1 | 120.00 | English Books |
